| 000 | 00593nam a22001933a 4500 | ||
|---|---|---|---|
| 005 | 20240913064614.0 | ||
| 008 | 011017s1999 ea r 000 0 spa d | ||
| 020 | _a0792356535 | ||
| 035 | _aUPN01000113155 | ||
| 049 | _aCG | ||
| 050 | 4 |
_aLC5056 A2 _bB7.5 |
|
| 245 | 0 | 0 |
_aBridging the skills between work an education / _ced. Wim J. Nijhof. |
| 260 |
_aDordrecht, Hol. : _bKluwer Academic, _cc1999. |
||
| 300 | _axvii, 225 p. | ||
| 650 | 4 |
_aEDUCACION VOCACIONAL - _zEUROPA _917988 |
|
| 650 | 4 |
_aTransición de la escuela al trabajo _921453 |
|
| 700 | 1 |
_aNijhof, Wim J., _eed. |
|
| 905 | _aLibro | ||
| 999 |
_c87063 _d87063 |
||